[Event "World Blitz 2023"]
[Site "Samarkand UZB"]
[Date "2023.12.29"]
[EventDate "2023.12.29"]
[Round "5.52"]
[Result "1/2-1/2"]
[White "Jaloliddin Ilkhomi"]
[Black "Savva Vetokhin"]
[WhiteElo "2054"]
[BlackElo "2483"]
[PlyCount "212"]

1. Nf3 Nf6 2. c4 e6 3. g3 d5 4. Bg2 dxc4 5. Qa4+ Nbd7 6. Qxc4 a6 7. Qc2 c5
8. d3 Be7 9. O-O O-O 10. b3 Ra7 11. Bb2 b6 12. Nbd2 Bb7 13. Rac1 Ra8 14.
Nc4 Rc8 15. Rfd1 Qc7 16. Qb1 Qb8 17. Qa1 Rfd8 18. Nce5 Nxe5 19. Bxe5 Qa8
20. a4 h6 21. Qb2 Bd5 22. Ne1 Qb7 23. Bxd5 Rxd5 24. Ng2 Rd7 25. Rc2 Rcd8
26. Rcd2 b5 27. axb5 axb5 28. Ra1 Ra8 29. Rdd1 Rdd8 30. Rxa8 Rxa8 31. Ra1
Ra6 32. Ne3 Qa8 33. Rxa6 Qxa6 34. Qa1 Qxa1+ 35. Bxa1 Nd7 36. Kf1 Bg5 37.
Nd1 Nb6 38. Ke1 Kf8 39. Bb2 g6 40. Nc3 Bf6 41. Kd2 Ke7 42. Nd1 Bxb2 43.
Nxb2 Nd5 44. Nd1 Kd6 45. h4 f5 46. f3 e5 47. Nf2 Ne7 48. e3 Nc6 49. Nd1 g5
50. hxg5 hxg5 51. Nc3 b4 52. Nd1 Ne7 53. Nb2 Nd5 54. Nc4+ Ke6 55. Na5 Nf6
56. Nb7 Kd5 57. Na5 Nh5 58. g4 fxg4 59. fxg4 Nf6 60. e4+ Kd6 61. Nb7+ Kc6
62. Nd8+ Kb5 63. Nf7 Nxg4 64. Nxg5 Kc6 65. Nf3 Kd6 66. Ne1 Ke6 67. Nf3 Kf6
68. Ke2 Ke6 69. Ng5+ Kf6 70. Nf3 Nh6 71. Nd2 Nf7 72. Nc4 Ng5 73. Nb6 Ne6
74. Kd2 Nd4 75. Nd7+ Ke7 76. Nxc5 Kd6 77. Nb7+ Kc7 78. Na5 Kd7 79. Kc1 Ke6
80. Kb2 Kd6 81. Nc4+ Ke6 82. Ne3 Kd6 83. Nc2 Nc6 84. Kc1 Kc5 85. Kb2 Nd4
86. Ne3 Nf3 87. Kc2 Nd4+ 88. Kb2 Nc6 89. Kc2 Ne7 90. Nc4 Ng6 91. Kd2 Kd4
92. Na5 Kc5 93. Nc4 Kd4 94. Nd6 Nf4 95. Nf5+ Kc5 96. Ne3 Kd4 97. Nc2+ Kc5
98. Ne1 Ne6 99. Nf3 Kd6 100. Ne1 Nd4 101. Kc1 Nxb3+ 102. Kc2 Nc5 103. Nf3
Ke6 104. d4 b3+ 105. Kb2 exd4 106. Nxd4+ Ke5 1/2-1/2

[Event "World Blitz 2023"]
[Site "Samarkand UZB"]
[Date "2023.12.29"]
[EventDate "2023.12.29"]
[Round "5.53"]
[Result "1/2-1/2"]
[White "Bakhrom Bakhrillaev"]
[Black "Elham Amar"]
[WhiteElo "1994"]
[BlackElo "2470"]
[PlyCount "170"]

1. d4 Nf6 2. c4 e6 3. Nc3 d5 4. cxd5 exd5 5. Bg5 c6 6. e3 h6 7. Bh4 Be7 8.
Bd3 O-O 9. Nge2 Re8 10. Qc2 Nbd7 11. O-O a5 12. f3 b5 13. Kh1 Ba6 14. Rad1
Qb6 15. e4 dxe4 16. fxe4 b4 17. Na4 Bxd3 18. Rxd3 Qb5 19. e5 Nd5 20. Bxe7
Rxe7 21. Ng3 Rae8 22. Rdf3 Nf8 23. Rc1 Ne6 24. Nf5 Rd7 25. Qxc6 Qxc6 26.
Rxc6 Ne7 27. Rd6 Rc7 28. Nxe7+ Rexe7 29. h3 Rc1+ 30. Kh2 Rd1 31. d5 Ng5 32.
Rd8+ Kh7 33. Re3 Rd2 34. h4 Rxe5 35. Rxe5 Nf3+ 36. Kg3 Nxe5 37. d6 g5 38.
hxg5 hxg5 39. Nb6 Kg7 40. d7 Rd6 41. Ra8 Rd3+ 42. Kf2 Nxd7 43. Nxd7 Rxd7
44. Rxa5 Rd2+ 45. Kf3 Kg6 46. b3 f5 47. g4 f4 48. Ra6+ Kf7 49. Ra4 Rd4 50.
Ra5 Kf6 51. Rf5+ Kg6 52. Rb5 Rd3+ 53. Ke4 Re3+ 54. Kd4 Re6 55. Kd3 Re3+ 56.
Kd4 Rg3 57. Rxb4 Rxg4 58. Kd3 Rg2 59. a4 f3 60. Ke3 f2 61. Ke2 g4 62. Kf1
Rg3 63. Kxf2 Rf3+ 64. Kg2 Kg5 65. a5 Rc3 66. a6 Rc2+ 67. Kg3 Rc3+ 68. Kf2
Rc2+ 69. Kg1 Rc1+ 70. Kf2 Rc2+ 71. Kg3 Rc3+ 72. Kg2 Rc2+ 73. Kf1 Rc1+ 74.
Ke2 Rc2+ 75. Kd3 Rc8 76. a7 Ra8 77. Ra4 Kf5 78. b4 Ke6 79. b5 Kd6 80. b6
Kc6 81. Rb4 Kb7 82. Ke3 Rf8 83. Ke2 g3 84. Rg4 Kxb6 85. Rxg3 1/2-1/2

[Event "World Blitz 2023"]
[Site "Samarkand UZB"]
[Date "2023.12.29"]
[EventDate "2023.12.29"]
[Round "5.54"]
[Result "1-0"]
[White "Grzegorz Nasuta"]
[Black "Abdumajid Botiraliev"]
[WhiteElo "2467"]
[BlackElo "1515"]
[PlyCount "54"]

1. e4 e5 2. Nf3 Nc6 3. Bc4 Nf6 4. d3 Be7 5. O-O d6 6. a4 O-O 7. a5 a6 8.
Re1 Kh8 9. h3 Ng8 10. Nc3 f5 11. Nd5 Nf6 12. Ng5 Nxd5 13. Nxh7 Nf6 14. Nxf6
g6 15. Nd5 f4 16. c3 Kg7 17. d4 f3 18. Nxe7 Qxe7 19. Re3 fxg2 20. Rg3 Rh8
21. Bg5 Qe8 22. Qf3 Rf8 23. Qe3 Rh8 24. Rf3 Nd8 25. Bf6+ Kh7 26. Qg5 Ne6
27. Qh4+ 1-0

[Event "World Blitz 2023"]
[Site "Samarkand UZB"]
[Date "2023.12.29"]
[EventDate "2023.12.29"]
[Round "5.55"]
[Result "1-0"]
[White "Vladimir Fedoseev"]
[Black "Sumiya Bilguun"]
[WhiteElo "2719"]
[BlackElo "2407"]
[PlyCount "98"]

1. Nf3 c5 2. g3 g6 3. Bg2 Bg7 4. O-O Nc6 5. c3 e5 6. e4 Nge7 7. Na3 O-O 8.
Nc4 d6 9. a4 Rb8 10. d3 h6 11. Be3 f5 12. exf5 Nxf5 13. Bd2 Be6 14. Ne3 Kh7
15. Nxf5 gxf5 16. Rc1 Qf6 17. b4 c4 18. d4 e4 19. Ne1 Ne7 20. f3 Qg6 21.
Qe2 d5 22. Bh3 Rbe8 23. Ng2 Bc8 24. Nf4 Qf7 25. fxe4 dxe4 26. b5 Bf6 27.
Rb1 Bg5 28. Rb4 Bxf4 29. Bxf4 Be6 30. Bd6 Rg8 31. Kh1 Nd5 32. Rxc4 Nf4 33.
Rxf4 Bxc4 34. Bxf5+ Qxf5 35. Qxc4 Qe6 36. Qxe6 Rxe6 37. Be5 Rc8 38. Rf7+
Kg6 39. Rg7+ Kh5 40. g4+ Kh4 41. Kg2 Rxe5 42. dxe5 Rxc3 43. e6 Rc2+ 44. Kf1
Rc5 45. Rxb7 Re5 46. e7 Kxg4 47. Ke2 Kf5 48. Rxa7 Kf6 49. b6 1-0

[Event "World Blitz 2023"]
[Site "Samarkand UZB"]
[Date "2023.12.29"]
[EventDate "2023.12.29"]
[Round "5.56"]
[Result "0-1"]
[White "Raymond Song"]
[Black "Iturrizaga Bonelli, Eduardo"]
[WhiteElo "2383"]
[BlackElo "2645"]
[PlyCount "92"]

1. d4 Nf6 2. c4 e6 3. Nf3 Bb4+ 4. Bd2 a5 5. g3 O-O 6. Bg2 d5 7. Qc2 Be7 8.
O-O c6 9. Rd1 Nbd7 10. Bf4 h6 11. h4 Nh5 12. e3 f5 13. Be5 Nhf6 14. Nc3 Ng4
15. Ne2 Ndf6 16. Nf4 Ne4 17. Nd3 Bd7 18. Qe2 Be8 19. Nfe1 Ngf6 20. f3 Nd6
21. Nf4 Bf7 22. b3 a4 23. Ned3 dxc4 24. Nc5 Qc8 25. Nxa4 Nd7 26. Nc5 cxb3
27. axb3 Rxa1 28. Rxa1 Nxe5 29. dxe5 Nb5 30. Qc4 g5 31. hxg5 hxg5 32. Ne2
Rd8 33. Nd4 Rd5 34. Nd3 Nxd4 35. exd4 Qd8 36. Nf2 Rxd4 37. Qc3 Bb4 38. Qc1
Bd2 39. Qf1 Be3 40. Qe2 f4 41. gxf4 gxf4 42. Ra2 Rd1+ 43. Bf1 Qg5+ 44. Kh1
Qh4+ 45. Kg2 Qg3+ 46. Kh1 Bh5 0-1

[Event "World Blitz 2023"]
[Site "Samarkand UZB"]
[Date "2023.12.29"]
[EventDate "2023.12.29"]
[Round "5.57"]
[Result "1-0"]
[White "Ediz Gurel"]
[Black "Kirill Shevchenko"]
[WhiteElo "2359"]
[BlackElo "2603"]
[PlyCount "60"]

1. e4 c5 2. Nf3 Nc6 3. d4 cxd4 4. Nxd4 e5 5. Nb5 d6 6. c4 g6 7. N1c3 a6 8.
Na3 Be6 9. Be3 Nf6 10. Be2 Bg7 11. O-O O-O 12. Nc2 Rc8 13. b3 Ne7 14. Qd2
b5 15. cxb5 axb5 16. Nb4 Rxc3 17. Qxc3 Nxe4 18. Qc2 d5 19. Rfd1 Qa8 20.
Rac1 d4 21. Bf3 Bf5 22. Bd2 Rd8 23. g4 d3 24. Qc7 Rd7 25. Qb6 Be6 26. Bg5
Bxg4 27. Bxe4 Qxe4 28. Qb8+ Bf8 29. Bh6 Nc8 30. Rxc8 1-0

[Event "World Blitz 2023"]
[Site "Samarkand UZB"]
[Date "2023.12.29"]
[EventDate "2023.12.29"]
[Round "5.58"]
[Result "0-1"]
[White "Daniyal Sapenov"]
[Black "Giovanni Vescovi"]
[WhiteElo "2289"]
[BlackElo "2593"]
[PlyCount "94"]

1. e4 c5 2. Nf3 e6 3. d4 cxd4 4. Nxd4 a6 5. Nc3 Qc7 6. Bd3 Nf6 7. Qe2 Nc6
8. Nxc6 bxc6 9. O-O d5 10. Re1 Be7 11. h3 Bb7 12. b3 Nd7 13. Bb2 Bf6 14.
Rad1 O-O 15. Ba1 Rfe8 16. Na4 Bxa1 17. Rxa1 c5 18. exd5 Bxd5 19. Nc3 Bb7
20. Rad1 Nf6 21. Qe3 Nd5 22. Nxd5 Bxd5 23. Be4 Bxe4 24. Qxe4 Rad8 25. Qa4
Qc8 26. Qa5 g6 27. Qb6 h5 28. h4 c4 29. b4 c3 30. a4 Rd2 31. Rc1 Qc4 32. g3
Red8 33. Qb7 R8d5 34. b5 axb5 35. a5 Qd4 36. Rf1 Rf5 37. Qg2 Qa7 38. Ra1
Rxc2 39. a6 Rd5 40. Qe4 Rcd2 41. Qb4 c2 42. Qc3 b4 43. Qxb4 Rd1 44. Qc3
Rxf1+ 45. Rxf1 Rc5 46. Qd4 c1=Q 47. Qd8+ Kh7 0-1

[Event "World Blitz 2023"]
[Site "Samarkand UZB"]
[Date "2023.12.29"]
[EventDate "2023.12.29"]
[Round "5.59"]
[Result "0-1"]
[White "Vugar Asadli"]
[Black "Cem Kaan Gokerkan"]
[WhiteElo "2584"]
[BlackElo "2365"]
[PlyCount "76"]

1. e4 c5 2. Nc3 d6 3. f4 g6 4. Nf3 Bg7 5. Bb5+ Bd7 6. Bc4 Nc6 7. d3 e6 8.
f5 gxf5 9. exf5 d5 10. Bb5 Qa5 11. O-O O-O-O 12. Bxc6 bxc6 13. Ng5 Nh6 14.
f6 Bf8 15. Qh5 Be8 16. Bf4 Qb4 17. a3 Qd4+ 18. Kh1 Qxf6 19. Rae1 Qg6 20.
Qe2 Rg8 21. d4 c4 22. b3 Bd6 23. Bxd6 Rxd6 24. Nf3 Nf5 25. bxc4 dxc4 26.
Ne4 Rd5 27. c3 f6 28. Rb1 Ne3 29. Ng3 Nxf1 30. Qxf1 Qc2 31. a4 c5 32. Re1
Qxc3 33. Ne4 Qd3 34. Qf2 Bh5 35. Nxc5 Bxf3 36. Nxd3 Bxg2+ 37. Qxg2 Rxg2 38.
Kxg2 cxd3 0-1

[Event "World Blitz 2023"]
[Site "Samarkand UZB"]
[Date "2023.12.29"]
[EventDate "2023.12.29"]
[Round "5.60"]
[Result "0-1"]
[White "Sabino Brunello"]
[Black "Artem Pingin"]
[WhiteElo "2573"]
[BlackElo "2358"]
[PlyCount "98"]

1. c4 e5 2. g3 c6 3. Nf3 e4 4. Nd4 d5 5. cxd5 Qxd5 6. Nc2 Nf6 7. Nc3 Qe5 8.
Bg2 Na6 9. O-O Be7 10. Rb1 O-O 11. b4 Nc7 12. Bb2 Qf5 13. Ne3 Qg6 14. Qc2
Bxb4 15. Nxe4 Nxe4 16. Bxe4 f5 17. Bxc6 bxc6 18. Qb3+ Be6 19. Qxb4 f4 20.
Ng2 Nd5 21. Qd4 Rad8 22. Qxa7 Rf7 23. Qa4 Bh3 24. Rbe1 Rdf8 25. Be5 Rf5 26.
d4 fxg3 27. Bxg3 Rh5 28. e4 Nf4 29. Nxf4 Rxf4 30. Rb1 Bxf1 31. Rb8+ Rf8 32.
Qb3+ Qf7 33. Bd6 Bc4 34. Rxf8+ Qxf8 35. Qxc4+ Qf7 36. Qxc6 Rg5+ 37. Kf1 h6
38. h4 Rh5 39. d5 Qf3 40. Qc8+ Kh7 41. Qe6 Rxh4 42. Qf5+ Qxf5 43. exf5 Rd4
44. a3 Rxd5 45. Bb4 Rxf5 46. Ke2 h5 47. Ke3 h4 48. f4 h3 49. Kf3 Rh5 0-1

[Event "World Blitz 2023"]
[Site "Samarkand UZB"]
[Date "2023.12.29"]
[EventDate "2023.12.29"]
[Round "5.61"]
[Result "0-1"]
[White "Nikolay Averin"]
[Black "Sergey Grigoriants"]
[WhiteElo "2283"]
[BlackElo "2532"]
[PlyCount "70"]

1. e4 e5 2. Nf3 Nc6 3. Bb5 a6 4. Ba4 Nf6 5. O-O b5 6. Bb3 Bc5 7. a4 Rb8 8.
Nxe5 Nxe5 9. d4 Bxd4 10. Qxd4 d6 11. f4 Nc6 12. Qd3 O-O 13. Nc3 Nb4 14. Qg3
Be6 15. f5 Bxb3 16. cxb3 Kh8 17. Bg5 Qe8 18. Qh4 Qe5 19. Rf3 h6 20. Rh3 Nh7
21. Bf4 Qd4+ 22. Be3 Qf6 23. Qf2 Qe7 24. Bd4 f6 25. Rd1 Ng5 26. Rh4 bxa4
27. bxa4 Rfe8 28. Rg4 Qf7 29. h4 Qh5 30. Qg3 Nxe4 31. Nxe4 Rxe4 32. Rxg7
Qxd1+ 33. Kh2 Qxd4 34. Qg6 Rxh4+ 35. Kg3 Qf4# 0-1

[Event "World Blitz 2023"]
[Site "Samarkand UZB"]
[Date "2023.12.29"]
[EventDate "2023.12.29"]
[Round "5.62"]
[Result "0-1"]
[White "Rustam Khusnutdinov"]
[Black "Khumoyun Begmuratov"]
[WhiteElo "2499"]
[BlackElo "2276"]
[PlyCount "146"]

1. Nc3 d5 2. e4 d4 3. Nce2 e5 4. Nf3 Nc6 5. Ng3 Be6 6. Bb5 Bd6 7. c3 dxc3
8. bxc3 Ne7 9. O-O a6 10. Ba4 O-O 11. d4 exd4 12. cxd4 Bg4 13. Be3 b5 14.
Bc2 Bxg3 15. hxg3 Qd7 16. d5 Bxf3 17. gxf3 Ne5 18. Kg2 Nc4 19. Bd4 c6 20.
dxc6 Nxc6 21. Bc5 Rfd8 22. Qxd7 Rxd7 23. Rfd1 Rad8 24. Rxd7 Rxd7 25. Rd1
Rxd1 26. Bxd1 f6 27. f4 Kf7 28. Bg4 Ne7 29. Kf3 g6 30. Bd7 h5 31. Ke2 g5
32. fxg5 fxg5 33. f4 Ng6 34. Kf3 Nge5+ 35. fxe5 Nxe5+ 36. Ke3 Nxd7 37. Bd6
Ke6 38. Bc7 Ne5 39. Kd4 Nf3+ 40. Ke3 Ne5 41. Kd4 Nc4 42. a4 Na3 43. Bd8 g4
44. axb5 Nxb5+ 45. Ke3 Nd6 46. Kf4 Nf7 47. Ba5 Kf6 48. Bc3+ Kg6 49. Ba5 Nd6
50. Bc7 Nb5 51. Ba5 Nd4 52. Ke3 Ne6 53. Bb4 Kf6 54. Ba5 Ke5 55. Bc3+ Kd6
56. Ba5 Kc5 57. Bc3 Kc4 58. Ba5 Kb5 59. Bc3 a5 60. e5 a4 61. Ke4 Kc4 62.
Ba1 Nc5+ 63. Kf5 Kd5 64. Kg5 Ke6 65. Kxh5 Kf5 66. Bd4 Ne6 67. Ba1 a3 68.
Bc3 Nc5 69. Bd4 a2 70. Bc3 Ne4 71. Ba1 Nxg3+ 72. Kh4 Ne4 73. e6 0-1

[Event "World Blitz 2023"]
[Site "Samarkand UZB"]
[Date "2023.12.29"]
[EventDate "2023.12.29"]
[Round "5.63"]
[Result "1-0"]
[White "Mikhail Markov"]
[Black "Deshun Xiu"]
[WhiteElo "2255"]
[BlackElo "2493"]
[PlyCount "80"]

1. c4 Nf6 2. Nf3 e6 3. g3 d5 4. Bg2 Be7 5. O-O O-O 6. d4 dxc4 7. Nbd2 b5 8.
a4 c6 9. Qc2 Bb7 10. b3 cxb3 11. Nxb3 Nbd7 12. Rd1 a5 13. Nc5 Nxc5 14. dxc5
Qc8 15. e4 b4 16. Bf4 Nd7 17. Bd6 Bxd6 18. Rxd6 Nb8 19. e5 h6 20. Rad1 Ra7
21. Nd4 Ba8 22. f4 Rd7 23. f5 Rxd6 24. cxd6 exf5 25. Nxf5 Kh8 26. Nd4 Nd7
27. e6 fxe6 28. Nxe6 Rf6 29. Nf4 c5 30. Ng6+ Rxg6 31. Qxg6 Bxg2 32. Re1 Nf6
33. Re7 Qg8 34. d7 Be4 35. Qxf6 gxf6 36. Re8 f5 37. d8=Q Qxe8 38. Qxe8+ Kg7
39. Qe7+ Kg6 40. Qxc5 1-0

[Event "World Blitz 2023"]
[Site "Samarkand UZB"]
[Date "2023.12.29"]
[EventDate "2023.12.29"]
[Round "5.64"]
[Result "0-1"]
[White "Roman Kezin"]
[Black "Mergen Kakabayev"]
[WhiteElo "2492"]
[BlackElo "2255"]
[PlyCount "52"]

1. d4 d5 2. c4 c6 3. Nc3 Nf6 4. e3 e6 5. Nf3 Nbd7 6. Qc2 Bd6 7. Bd3 O-O 8.
O-O Re8 9. c5 Bc7 10. e4 e5 11. exd5 cxd5 12. dxe5 Nxe5 13. Nxe5 Bxe5 14.
h3 Be6 15. Re1 Bxc3 16. bxc3 Ne4 17. Be3 Rc8 18. c4 Nxc5 19. Bxh7+ Kh8 20.
cxd5 Qxd5 21. Red1 Qh5 22. Bd3 Nb3 23. Qb2 Nxa1 24. Rxa1 Red8 25. Be2 Qg6
26. Qxb7 Bd5 0-1

[Event "World Blitz 2023"]
[Site "Samarkand UZB"]
[Date "2023.12.29"]
[EventDate "2023.12.29"]
[Round "5.65"]
[Result "1-0"]
[White "Sandipan Chanda"]
[Black "Harold Wanyama"]
[WhiteElo "2490"]
[BlackElo "2228"]
[PlyCount "72"]

1. e3 e5 2. c4 Nf6 3. Nc3 d5 4. cxd5 Nxd5 5. d3 Nc6 6. Nf3 Be7 7. Be2 O-O
8. O-O Be6 9. a3 Re8 10. Qc2 Qd7 11. Nxd5 Bxd5 12. b4 Bf6 13. e4 Be6 14.
Bb2 Rad8 15. Rac1 a6 16. Rfd1 Re7 17. Bc3 Nd4 18. Bxd4 exd4 19. e5 Bxe5 20.
Nxe5 Qd6 21. Nc4 Qf4 22. Bf3 c6 23. Qd2 Qh4 24. g3 Qh3 25. Bg2 Qh5 26. Re1
Red7 27. Re5 Qg6 28. Rce1 h6 29. h3 Qf6 30. f4 g6 31. Qc2 Kg7 32. Nd2 Qe7
33. Kh2 Qf8 34. Ne4 Bd5 35. Nc5 Rc7 36. Bxd5 1-0

[Event "World Blitz 2023"]
[Site "Samarkand UZB"]
[Date "2023.12.29"]
[EventDate "2023.12.29"]
[Round "5.66"]
[Result "1-0"]
[White "Murtas Kazhgaleyev"]
[Black "Shahruh Turayev"]
[WhiteElo "2488"]
[BlackElo "2168"]
[PlyCount "94"]

1. d4 d5 2. c4 dxc4 3. Nf3 Nf6 4. e3 Bg4 5. Bxc4 e6 6. Nc3 a6 7. h3 Bh5 8.
g4 Bg6 9. Ne5 Nbd7 10. Nxg6 hxg6 11. Bf1 c5 12. Bg2 Qc7 13. d5 exd5 14.
Nxd5 Nxd5 15. Qxd5 Rb8 16. Bd2 Nf6 17. Qb3 Bd6 18. g5 Nd7 19. Bc3 O-O 20.
h4 b5 21. h5 b4 22. Bd2 c4 23. Qc2 Ne5 24. hxg6 c3 25. gxf7+ Rxf7 26. bxc3
bxc3 27. Qxc3 Qxc3 28. Bxc3 Nd3+ 29. Ke2 Rxf2+ 30. Kxd3 Rxg2 31. Rh5 Rb5
32. Rah1 Rgxg5 33. Rh8+ Kf7 34. Ra8 a5 35. Ra6 Bb4 36. Bd4 Rbf5 37. Rc1 Rg2
38. a4 Kg8 39. Rc7 Rff2 40. Raa7 Bf8 41. Rxa5 Ra2 42. Ra8 Ra3+ 43. Ke4 Raa2
44. Bc5 Rgf2 45. Rcc8 Kh7 46. Rxf8 Rfc2 47. Bd4 1-0

[Event "World Blitz 2023"]
[Site "Samarkand UZB"]
[Date "2023.12.29"]
[EventDate "2023.12.29"]
[Round "5.67"]
[Result "1/2-1/2"]
[White "Mukhiddin Madaminov"]
[Black "David Akhmedov"]
[WhiteElo "2460"]
[BlackElo "2154"]
[PlyCount "64"]

1. d4 Nf6 2. Nc3 d5 3. Bf4 a6 4. e3 c5 5. dxc5 Qa5 6. Bxb8 Rxb8 7. Qd4 e6
8. b4 Qc7 9. Na4 Be7 10. Nf3 Nd7 11. Rd1 Bf6 12. Qf4 Qc6 13. Nb6 e5 14. Qg3
Nxb6 15. Nxe5 Qe6 16. f4 Nd7 17. Nxd7 Bxd7 18. f5 Bc3+ 19. Rd2 Qe5 20.
Qxe5+ Bxe5 21. Rxd5 Bc3+ 22. Kf2 Bc6 23. Rd4 Bxd4 24. exd4 O-O 25. Bc4 Rfd8
26. Rd1 Bd5 27. Bxd5 Rxd5 28. g4 Rbd8 29. Ke3 Re8+ 30. Kf3 b5 31. cxb6 Rb5
32. a3 Rxb6 1/2-1/2

[Event "World Blitz 2023"]
[Site "Samarkand UZB"]
[Date "2023.12.29"]
[EventDate "2023.12.29"]
[Round "5.68"]
[Result "0-1"]
[White "Eldiar Orozbaev"]
[Black "Mittal Aditya"]
[WhiteElo "2236"]
[BlackElo "2425"]
[PlyCount "158"]

1. e4 c5 2. c3 d5 3. exd5 Qxd5 4. d4 Nf6 5. Nf3 e6 6. Be3 cxd4 7. cxd4 Nc6
8. Nc3 Qd6 9. Bd3 Be7 10. O-O O-O 11. Qe2 b6 12. Rad1 Bb7 13. a3 Rac8 14.
Bb1 Rfd8 15. Bg5 g6 16. Bh4 Nd5 17. Ne4 Qd7 18. Bg3 h6 19. Ba2 Qe8 20. h4
Nf6 21. Nc3 Bf8 22. Rfe1 Ne7 23. Ne5 Ned5 24. Nxd5 Bxd5 25. Bb1 Bg7 26. Bf4
Qe7 27. Qd2 Qf8 28. f3 Nd7 29. Ng4 h5 30. Ne3 Bb3 31. Rc1 Nc5 32. d5 Bxd5
33. Nxd5 Rxd5 34. Qe2 Qe7 35. b4 Qxh4 36. g3 Qh3 37. bxc5 Bd4+ 38. Be3 Rg5
39. Bxd4 Rxg3+ 40. Kf2 Rg2+ 41. Ke3 Rxe2+ 42. Rxe2 Qh4 43. Rec2 e5 44. Bb2
Qf4+ 45. Ke2 bxc5 46. Ba2 Rd8 47. Bc3 Kg7 48. Be1 Qf5 49. Rd2 Rd4 50. Rxc5
Rf4 51. Rd3 Ra4 52. Bc3 f6 53. Rc7+ Kh6 54. Bd2+ g5 55. Rdd7 e4 56. Rh7+
Qxh7 57. Rxh7+ Kxh7 58. Bb4 exf3+ 59. Kxf3 Ra6 60. Ke4 Kg6 61. Bb1 f5+ 62.
Ke5 Rf6 63. Be7 Rf7 64. Bc5 h4 65. Ba2 Rc7 66. Bd6 Rc2 67. Bb1 Re2+ 68. Kd4
h3 69. Bd3 h2 70. Bxe2 h1=Q 71. Bb5 Qe4+ 72. Kc5 f4 73. Bc6 Qc2+ 74. Kd5 f3
75. Be8+ Kf6 76. Bb5 f2 77. Be5+ Ke7 78. Bd6+ Kf7 79. Bc5 Qd1+ 0-1

[Event "World Blitz 2023"]
[Site "Samarkand UZB"]
[Date "2023.12.29"]
[EventDate "2023.12.29"]
[Round "5.69"]
[Result "1-0"]
[White "Matvey Galchenko"]
[Black "Sergey Sklokin"]
[WhiteElo "2424"]
[BlackElo "1995"]
[PlyCount "86"]

1. e4 c6 2. d4 d5 3. exd5 cxd5 4. Bd3 Nc6 5. c3 Nf6 6. h3 g6 7. Nf3 Bg7 8.
O-O O-O 9. Re1 Nd7 10. Bf4 Re8 11. Nbd2 a6 12. Ne5 Ndxe5 13. dxe5 Bd7 14.
Nf3 Qb6 15. Qe2 Rad8 16. Rad1 Qa5 17. Ng5 h6 18. Nxf7 Rf8 19. Nxd8 Nxd8 20.
Bg3 Qb6 21. e6 Nxe6 22. Bxg6 Ng5 23. Bb1 e5 24. Rxd5 Bc6 25. Rxe5 Bxe5 26.
Qxe5 Re8 27. Qxe8+ Bxe8 28. Rxe8+ Kf7 29. Re2 Qb5 30. Rd2 Qe8 31. Kf1 Qc6
32. f3 Qb5+ 33. Ke1 Qb6 34. Bf2 Qe6+ 35. Re2 Qd6 36. Bc2 Kf8 37. Bb3 a5 38.
h4 Nh7 39. Re6 Qf4 40. Bc5+ Kg7 41. Re7+ Kf6 42. Rf7+ Ke5 43. Bd6+ 1-0

[Event "World Blitz 2023"]
[Site "Samarkand UZB"]
[Date "2023.12.29"]
[EventDate "2023.12.29"]
[Round "5.70"]
[Result "0-1"]
[White "Khalil Nafri"]
[Black "Andrey Gorovets"]
[WhiteElo "2151"]
[BlackElo "2418"]
[PlyCount "56"]

1. e4 c5 2. Nf3 Nc6 3. d4 cxd4 4. Nxd4 Nf6 5. Nc3 e5 6. Ndb5 d6 7. Bg5 a6
8. Na3 Be6 9. Nc4 Rb8 10. a4 Nb4 11. Bxf6 Qxf6 12. Nb6 Be7 13. a5 O-O 14.
Ra4 d5 15. Nbxd5 Nxd5 16. Nxd5 Bxd5 17. exd5 e4 18. Rxe4 Bc5 19. Qd2 Rfe8
20. Bd3 Rxe4+ 21. Bxe4 Re8 22. f3 Qxb2 23. Kd1 Bb4 24. Qc1 Qd4+ 25. Ke2 f5
26. Rd1 Qc4+ 27. Kf2 fxe4 28. Qe3 Bc5 0-1

[Event "World Blitz 2023"]
[Site "Samarkand UZB"]
[Date "2023.12.29"]
[EventDate "2023.12.29"]
[Round "5.71"]
[Result "0-1"]
[White "David Bogdan"]
[Black "Arystanbek Urazayev"]
[WhiteElo "1880"]
[BlackElo "2408"]
[PlyCount "134"]

1. e4 c6 2. d3 d5 3. f4 Nf6 4. Nc3 dxe4 5. dxe4 Qxd1+ 6. Kxd1 e5 7. h3 Bb4
8. Bd3 Nbd7 9. Nf3 Bd6 10. fxe5 Nxe5 11. Ke2 O-O 12. Be3 Re8 13. Rhe1 b5
14. Kf2 Bb7 15. Nd4 Ng6 16. Nf5 Be5 17. Bd4 Bxd4+ 18. Nxd4 Rad8 19. Nf5 Ne5
20. Rad1 g6 21. Nh4 Kg7 22. Nf3 Nxf3 23. gxf3 Nd7 24. Rd2 Nc5 25. Red1 Bc8
26. Bf1 Rxd2+ 27. Rxd2 b4 28. Ne2 Be6 29. Nd4 Bd7 30. Nb3 Nxb3 31. Rxd7 Nc5
32. Rc7 Rd8 33. Bc4 Rd2+ 34. Kg3 Rxc2 35. Bxf7 Kf8 36. b3 Rxa2 37. Bc4 Ra3
38. Rxc6 Nxb3 39. Rc8+ Ke7 40. Bxb3 Rxb3 41. Rc7+ Kd6 42. Rxa7 Rb1 43. Kf4
b3 44. Rb7 Kc6 45. Rb8 Kc7 46. Rb4 Kd6 47. Rb7 b2 48. Rb5 Kc6 49. Rb8 Kd6
50. Rb5 h6 51. Rb6+ Kc5 52. Rb8 Kd4 53. Rd8+ Kc3 54. Rc8+ Kd3 55. Rb8 Kd4
56. Rd8+ Kc5 57. Rc8+ Kd6 58. Rb8 g5+ 59. Kf5 h5 60. e5+ Kc7 61. Rb3 g4 62.
hxg4 hxg4 63. Rc3+ Kb6 64. Rb3+ Kc6 65. Rc3+ Kd5 66. Rb3 gxf3 67. e6 f2 0-1

[Event "World Blitz 2023"]
[Site "Samarkand UZB"]
[Date "2023.12.29"]
[EventDate "2023.12.29"]
[Round "5.72"]
[Result "1-0"]
[White "Roman Shogdzhiev"]
[Black "Mohamed Tissir"]
[WhiteElo "2117"]
[BlackElo "2458"]
[PlyCount "88"]

1. e4 c5 2. Nf3 e6 3. d4 cxd4 4. Nxd4 Nc6 5. Nc3 d6 6. Be3 a6 7. Be2 Nf6 8.
O-O Be7 9. f4 Qc7 10. Bf3 O-O 11. Qe2 Bd7 12. Rad1 Rac8 13. g4 Nxd4 14.
Bxd4 e5 15. Be3 exf4 16. Bxf4 Qb6+ 17. Kh1 Qxb2 18. Nd5 Nxd5 19. exd5 Rfe8
20. Be4 Bb5 21. Qf3 Bxf1 22. Rxf1 Bf6 23. g5 Be5 24. Bc1 Qd4 25. Be3 Qc4
26. Bd3 Qh4 27. Qxf7+ Kh8 28. Bg1 Qxg5 29. Qxb7 Rf8 30. Rf5 Qg4 31. Qd7 Qh4
32. Qe6 Rfe8 33. Qf7 a5 34. Rf1 Qe7 35. Qh5 g6 36. Bxg6 Rg8 37. Rf7 Qxf7
38. Bxf7 Rg7 39. Be6 Rf8 40. Qe2 h6 41. Be3 Rg6 42. c4 Kg7 43. c5 dxc5 44.
Bxc5 Bd6 1-0

[Event "World Blitz 2023"]
[Site "Samarkand UZB"]
[Date "2023.12.29"]
[EventDate "2023.12.29"]
[Round "5.73"]
[Result "1-0"]
[White "Venkataraman Karthik"]
[Black "O`gorman, Tom"]
[WhiteElo "2440"]
[BlackElo "2288"]
[PlyCount "58"]

1. e4 e5 2. Nf3 Nc6 3. Bb5 a6 4. Ba4 Nf6 5. O-O Be7 6. Re1 b5 7. Bb3 O-O 8.
a4 Bb7 9. d3 Re8 10. Nbd2 Bf8 11. Nf1 d5 12. exd5 Nxd5 13. Ng3 Nd4 14. Nxd4
exd4 15. Rxe8 Qxe8 16. Bd2 Qc6 17. Ne4 Nf6 18. f3 Rd8 19. Bg5 Be7 20. Qd2
h6 21. Bxf6 Bxf6 22. Qf4 Re8 23. axb5 axb5 24. Ra7 Qb6 25. Nxf6+ gxf6 26.
Ra1 Kg7 27. Qg4+ Kf8 28. Qh5 Qe6 29. Bxe6 1-0

[Event "World Blitz 2023"]
[Site "Samarkand UZB"]
[Date "2023.12.29"]
[EventDate "2023.12.29"]
[Round "5.74"]
[Result "1-0"]
[White "Gallego Alcaraz, Andres Felipe"]
[Black "Sinisa Drazic"]
[WhiteElo "2384"]
[BlackElo "2276"]
[PlyCount "84"]

1. d4 d5 2. Nf3 Nf6 3. c4 dxc4 4. e3 Be6 5. Na3 Bd5 6. Nxc4 e6 7. Be2 c5 8.
O-O Nc6 9. b3 Be7 10. Bb2 O-O 11. Rc1 Rc8 12. a3 Bxf3 13. Bxf3 cxd4 14.
exd4 Nd5 15. b4 Bf6 16. Ne5 Qd6 17. Re1 Rfd8 18. Qb3 a6 19. Rcd1 Nce7 20.
g3 Rc7 21. Bg4 Bxe5 22. dxe5 Qc6 23. Rd2 Qc4 24. Qxc4 Rxc4 25. Be2 Rc7 26.
Red1 Rdc8 27. Bf3 h6 28. h4 Rc2 29. Kf1 Kf8 30. Ke1 Ke8 31. Rxc2 Rxc2 32.
Rd2 Rc7 33. Kd1 Kd8 34. Rc2 Rd7 35. Ke2 Nc6 36. Rd2 Ke7 37. Be4 h5 38. Rc2
Kd8 39. Rc4 g6 40. Bc1 Nxe5 41. Rc2 Ke7 42. Bg5+ f6 1-0

[Event "World Blitz 2023"]
[Site "Samarkand UZB"]
[Date "2023.12.29"]
[EventDate "2023.12.29"]
[Round "5.75"]
[Result "1-0"]
[White "Felix Xie"]
[Black "Akmal Fayzullaev"]
[WhiteElo "2107"]
[BlackElo "2342"]
[PlyCount "110"]

1. Nf3 Nf6 2. b3 g6 3. Bb2 Bg7 4. g3 O-O 5. Bg2 a5 6. O-O a4 7. c4 axb3 8.
axb3 Rxa1 9. Bxa1 d6 10. d4 c6 11. Nbd2 Bf5 12. Nh4 Be6 13. e4 Na6 14. Bc3
Qb6 15. Qc2 Bd7 16. Ra1 c5 17. d5 Nb4 18. Qb2 Ng4 19. Bxg7 Re8 20. Bc3 Nxf2
21. Bxb4 Nd3 22. Ba5 Qa7 23. Qb1 Ne5 24. Bc3 Qb6 25. Bxe5 dxe5 26. Qb2 f6
27. Nhf3 Qb4 28. Ne1 Qb6 29. Nd3 Bg4 30. Kf2 Rf8 31. h3 Bc8 32. Kg1 Qc7 33.
Qc3 b6 34. Rf1 Bd7 35. Ra1 Rc8 36. Kh2 h5 37. Nf3 Kg7 38. Nfxe5 fxe5 39.
Qxe5+ Qxe5 40. Nxe5 Be8 41. Ra7 Kf6 42. Nd3 b5 43. e5+ Kf7 44. d6 bxc4 45.
bxc4 Rb8 46. Rxe7+ Kf8 47. Bd5 g5 48. h4 Rb3 49. Nf2 Rb2 50. Kg1 g4 51. Ne4
Rb1+ 52. Kf2 Rb2+ 53. Ke3 Rb3+ 54. Kf4 Bg6 55. Nf6 1-0